[Event "MetroWest Holiday Cheer"]
[Site "Natick"]
[Date "2014.12.09"]
[Round "2.4"]
[White "Chamberlain, John"]
[Black "Kelly, Joseph F"]
[Result "1/2-1/2"]
[WhiteElo "2118"]
[BlackElo "1970"]
[PlyCount "48"]
[EventDate "2014.12.02"]
[EventType "swiss"]
[EventRounds "5"]
[EventCountry "USA"]
[SourceTitle "EXT 2023"]
[Source "ChessBase"]
[SourceDate "2022.10.05"]
[SourceVersion "1"]
[SourceVersionDate "2022.10.05"]
[SourceQuality "1"]

1. e4 c5 2. Nf3 e6 3. c3 Nc6 4. d4 Nf6 5. e5 Nd5 6. c4 Nc7 7. d5 exd5 8. cxd5 Nb4 9. d6 Ne6 10. Nc3 g6 11. Bc4 Bg7 12. 0-0 0-0 13. Ne4 b6 14. Bxe6 fxe6 15. Bg5 Qe8 16. Be7 Rf5 17. Ng3 Rf7 18. Qd2 Ba6 19. Rfd1 Nd3 20. Qc3 c4 21. Ne4 Rxe7 22. dxe7 Qxe7 23. b3 d5 24. Nf6+ Kh8 1/2-1/2

[Event "MetroWest CC Trick or Treat"]
[Site "Natick"]
[Date "2014.10.14"]
[Round "2.6"]
[White "Yelaun, Vitaliy"]
[Black "Kelly, Joseph F"]
[Result "1-0"]
[WhiteElo "2007"]
[BlackElo "1923"]
[PlyCount "71"]
[EventDate "2014.10.07"]
[EventType "swiss"]
[EventRounds "4"]
[EventCountry "USA"]
[SourceTitle "EXT 2023"]
[Source "ChessBase"]
[SourceDate "2022.10.05"]
[SourceVersion "1"]
[SourceVersionDate "2022.10.05"]
[SourceQuality "1"]

1. g3 g6 2. Bg2 Bg7 3. d4 Nf6 4. e4 d6 5. Ne2 e5 6. d5 0-0 7. 0-0 c6 8. c4 cxd5 9. cxd5 Bd7 10. Nbc3 Na6 11. a3 Nc7 12. h3 a5 13. b3 Na6 14. Be3 b5 15. a4 b4 16. Nb1 Rc8 17. Nd2 Nc5 18. f3 Ne8 19. Nc1 f5 20. Bxc5 dxc5 21. Nc4 Qg5 22. Qe1 fxe4 23. fxe4 Rxf1+ 24. Kxf1 Nd6 25. Nxa5 c4 26. h4 Qg4 27. Nxc4 Nxc4 28. bxc4 Rxc4 29. Ne2 b3 30. a5 Bb5 31. Kg1 Rc2 32. Nc3 b2 33. Rb1 Bh6 34. Kh2 Bd2 35. Qd1 Rxc3 36. Qxg4 1-0

[Event "MCC Hot Summer Days"]
[Site "Natick"]
[Date "2014.08.26"]
[Round "4.5"]
[White "Van der Keyl, Harry"]
[Black "Kelly, Joseph F"]
[Result "1-0"]
[WhiteElo "1898"]
[BlackElo "1884"]
[PlyCount "81"]
[EventDate "2014.08.05"]
[EventType "swiss"]
[EventRounds "4"]
[EventCountry "USA"]
[SourceTitle "EXT 2023"]
[Source "ChessBase"]
[SourceDate "2022.10.05"]
[SourceVersion "1"]
[SourceVersionDate "2022.10.05"]
[SourceQuality "1"]

1. e4 g6 2. d4 Bg7 3. Nf3 c6 4. Be2 d5 5. Nbd2 Nh6 6. c3 Nd7 7. Qc2 Nb6 8. e5 Bf5 9. Bd3 Qd7 10. Nh4 Bxd3 11. Qxd3 0-0-0 12. h3 f6 13. f4 g5 14. fxg5 fxg5 15. Nhf3 g4 16. hxg4 Qxg4 17. Nf1 Nf5 18. Ne3 Nxe3 19. Qxe3 Nc4 20. Qe2 Rdf8 21. b3 Nb6 22. Be3 h5 23. 0-0-0 Bh6 24. Rd2 Bxe3 25. Qxe3 Rhg8 26. Rh4 Qg6 27. Rf4 Qg3 28. Rxf8+ Rxf8 29. Re2 Rf4 30. Ne1 Qxe3+ 31. Rxe3 Nd7 32. Rf3 Rg4 33. Kd2 Kd8 34. Rh3 Rg5 35. Ke3 Nf8 36. g3 Ne6 37. Ng2 c5 38. Nf4 cxd4+ 39. cxd4 Ng7 40. Nxd5 Nf5+ 41. Kf4 1-0

[Event "MetroWest CC-ch"]
[Site "Natick"]
[Date "1998.04.28"]
[Round "4"]
[White "Kelly, Joseph F"]
[Black "Foygel, Igor"]
[Result "0-1"]
[WhiteElo "1904"]
[BlackElo "2461"]
[PlyCount "48"]
[EventDate "1998.04.??"]
[EventType "tourn"]
[EventRounds "10"]
[EventCountry "USA"]
[SourceTitle "EXT 2005"]
[Source "ChessBase"]
[SourceDate "2004.11.15"]
[SourceVersion "1"]
[SourceVersionDate "2004.11.15"]
[SourceQuality "1"]

1. d4 c5 2. e3 Nf6 3. Nf3 g6 4. g3 Bg7 5. Bg2 0-0 6. 0-0 d5 7. Nbd2 Qc7 8. Qe2 cxd4 9. exd4 Qxc2 10. Qxe7 Nc6 11. Qc5 Qd3 12. Nb3 Ne4 13. Qa3 Bg4 14. Be3 Rfc8 15. Ne1 Qb5 16. Rc1 Be2 17. f3 Bf8 18. Nc5 Nxc5 19. dxc5 d4 20. Bd2 b6 21. b4 a5 22. Rf2 axb4 23. Qb2 bxc5 24. Bf4 d3 0-1